| 000 | 00451cam0a220014500 4500 | ||
|---|---|---|---|
| 005 | 20190819100715.0 | ||
| 008 | 050714 | ||
| 020 | _a0632049766 | ||
| 035 | _a(Sirsi) a148124 | ||
| 050 | _aQE 471 LEE 1999 | ||
| 100 | 1 |
_aLeeder, Mike _6A118826.1 |
|
| 245 | 1 | 0 |
_aSedimentology and sedimentary basins: _bfrom turbulence to tectonics _c/Mike Leeder. |
| 260 |
_aOxford: _bBlackwell, _c1999. |
||
| 650 | 0 |
_aSedimentology _6S8033.1 |
|
| 999 |
_c101253 _d101253 |
||